000 00821nam a22002297a 4500
999 _c134877
_d134877
005 20180123142343.0
008 170619b sp ||||| |||| 00| 0 spa d
020 _a84781470065
050 0 4 _aDG276
_bI58 1989
245 1 0 _aIntroducción a la historiografía latina :
_btextos para su lectura
_c/ Ana Ma. Aldama, Matilde Rovira, Almudena Zapata.
250 _a1a ed.
260 _aMadrid, España :
_bPalas Atenea,
_c1989.
300 _a367 p. ;
_c24 cm.
490 _aColección : Libros de Investigación.
504 _aIncluye bibliografía (p.365-367) e índice.
650 7 _2LEMB
_aHistoriografía
_zRoma
651 7 _2LEMB
_aRoma
_xHistoria
_vFuentes
700 1 _aAldama, Ana Ma,
_ecoaut.
700 1 _aRovira, Matilde,
_ecoaut.
700 1 _aZapata, Almudena,
_ecoaut.
942 _2lcc
_cLIB